| 000 | 00367nam a22001337a 4500 | ||
|---|---|---|---|
| 008 | 170321b xxu||||| |||| 00| 0 eng d | ||
| 020 | _a9780558349288 | ||
| 050 |
_aHF 5429 _b.A38 2007 |
||
| 245 |
_aAdvanced Retail Strategies/ _blevel one |
||
| 250 | _acustom ed for Bellevue University | ||
| 260 |
_aUSA _bPearson _c2007 |
||
| 300 |
_aix,440p _c29cm |
||
| 942 |
_2lcc _cBK |
||
| 999 |
_c49573 _d49573 |
||